000 00250nam a2200097Ia 4500
082 _aJ 788.2 TURN
245 0 _aWoodwind and brass
100 _a TURNER, Barrie London, 2003
_959257
942 _cBK
008 210817s9999 xx 000 0 und d
999 _c186065
_d186061